Statistiken für Land und Hauptstadt beginnen mit demselben Buchstaben

Klicken Sie hier um das Quiz zu spielen!

Allgemein

  • Dieses Quiz wurde 637 mal gespielt
    (537 seit der letzten Aktualisierung)
  • Das Durchschnittsergebnis liegt bei 27 aus 62

Antwortstatistiken

Antwort% Korrekt
Mexiko
83%
Mexiko-Stadt
83%
Brasilien
75%
Andorra
72%
Brasilia
72%
Algerien
69%
Belgien
69%
Schweden
68%
Brüssel
67%
Stockholm
67%
Algier
66%
Luxemburg
66%
Luxemburg
66%
Vatikanstadt
66%
Vatikanstadt
66%
Monaco
63%
Monaco
63%
Panama
63%
Panama-Stadt
63%
Guatemala
62%
Guatemala -Stadt
62%
San Marino
62%
San Marino
62%
Tunesien
60%
Andorra la Vella
59%
Tunis
58%
Kuwait
48%
Kuwait-Stadt
48%
Dschibuti
40%
Dschibuti-Stadt
40%
Singapur
40%
Singapur
40%
Südkorea
40%
Seoul
37%
Belize
32%
Malé
31%
Taiwan
31%
Malediven
30%
Taipeh
29%
Äthiopien
28%
Belmopan
27%
Niger
27%
Addis Abeba
26%
São Tomé
26%
São Tomé und Príncipe
26%
Brunei
25%
Demokratische Republik Kongo
25%
Kinshasa
21%
Mosambik
21%
Barbados
20%
Guyana
20%
Maputo
20%
Niamey
20%
Bandar Seri Begawan
18%
Georgetown
18%
Bridgetown
17%
Papua-Neuguinea
16%
Port Moresby
14%
Burundi
11%
Marshallinseln
11%
Majuro
10%
Bujumbura
7%

Verteilung der Resultate

Perzentil nach korrekt beantworteten Fragen

Anzahl Personen mit jedem Resultat

Ihre Resultats-Entwicklung

Sie haben dieses Quiz seit der letzten Aktualisierung nicht gespielt